Drużyny Ekstraklasy w Piłce Nożnej - Sezon 2023/2024 - Statystyki

Ogólne statystyki
  • Ten quiz został rozwiązany 474 razy
  • Średni wynik to 13 z 18
Statystyki odpowiedzi
Poprzedni sezon Odpowiedź % Poprawnych
2. Legia Warszawa
99%
3. Lech Poznań
98%
1. Raków Częstochowa
92%
15. Śląsk Wrocław
83%
14. Jagiellonia Białystok
79%
4. Pogoń Szczecin
79%
Awans z I ligi ŁKS Łódź
76%
Awans z I ligi Ruch Chorzów
73%
7. Cracovia
71%
12. Widzew Łódź
70%
Awans z I ligi Puszcza Niepołomice
68%
6. Górnik Zabrze
63%
8. Warta Poznań
63%
13. Korona Kielce
62%
9. Zagłębie Lubin
58%
10. Radomiak Radom
57%
11. Stal Mielec
57%
5. Piast Gliwice
54%
Nie znaleziono quizów pasujących do podanych kryteriów
Rozkład punktacji
Procent ludzi z każdym wynikiem
Percentyl według liczby udzielonych odpowiedzi
Twoja historia wyników
Nie rozwiązałeś tego quizu